000 00544nam a2200193Ia 4500
005 20250326144907.0
008 250326s9999 xx 000 0 und d
020 _a81-7758-968-7
037 _aTextbook
040 _aFMSL
_beng
_cFMSL
041 _aeng
_2eng
084 _aX:545.1 P5
_qFMSL
100 _aAlbaum Gerald
245 0 _aInternational marketing and export mangement
_cAlbaum Gerald
260 _aIndia
_bIndia, Pearson education
_c2006
300 _a658p
942 _cTB
_hX:545.1 P5
999 _c1305507
_d1305507